Представление документа в формате MARC21

Поле Инд. ПП Название Значение
Тип записи a
Библиографический уровень m
001 Контрольный номер RU/LIBMSTU/264526270
005 Дата корректировки 20170207164855.2
020 00 a ISBN 5-94201-146-Х
c Цена, тираж 325-80
084 a Индекс другой классификации/Индекс ББК 67.911.11+67.400
090 00 a Полочн. индекс 67.911
x Авторский знак И 18
100 10 a Автор Иваненко В. А.
245 00 a Заглавие Социальные права человека и социальные обязанности государства: международные и конституционные правовые аспекты
c Ответственность Ассоц. Юрид. центр, Юрид. фак. С.-Петерб. ун-та
250 00 a Основные сведения об издании науч.-практ. изд.
260 00 a Место издания Санкт-Петербург
b Издательство Юрид. центр Пресс
c Дата издания 2003
300 00 a Объем 404 с.
440 00 a Серия Теория и практика международного права
650 _4 a Основная рубрика Права человека; Права человека в международном праве
653 00 a Ключевые слова Конституционные права
a Ключевые слова Права человека
a Ключевые слова Государство социальное
a Ключевые слова Социальные права
700 10 a Другие авторы Иваненко В. С.
990 00 f Даты поступлений (DOS) 09.04